Manual de análisis documental : descripción bibliográfica /

Guardado en:
Autor Principal: Clausó García, Adelina.
Formato: Libro
Idioma:Spanish
Publicado: Pamplona : EUNSA, Ediciones Universidad de Navarra, c1996.
Series:Colección Ciencias de la información. Manuales ; 23.
Materias:
Etiquetas: Agregar Etiqueta
Sin Etiquetas, Sea el primero en etiquetar este registro!
LEADER 00871nam a2200241 a 4500
001 EAD.ead002385
008 961213s1996####sp#######b####000#0#spa##
005 20100927131359.0
245 1 0 |a Manual de análisis documental :  |b descripción bibliográfica /  |c Adelina Clausó García. 
260 |a Pamplona :  |b EUNSA, Ediciones Universidad de Navarra,  |c c1996. 
300 |a 250 p. ;  |c 22 cm. 
490 1 |a Manuales ciencias de la información ;  |v 23 
504 |a Incluye referencias bibliográficas. 
020 |a 8431314389 
100 1 |a Clausó García, Adelina. 
830 0 |a Colección Ciencias de la información.  |p Manuales ;  |v 23. 
043 |a e-sp--- 
082 0 0 |a 025.3  |2 21 
650 7 |a Catalogación de monografías.  |2 unbist 
010 |a  96229736  
040 |a DLC  |c DLC 
050 0 0 |a Z694  |b .C58 1996 
859 |a AR-BaBDC  |b BIB. ADMINISTRACION - Libros  |h 025.3  |i C574  |p b05006